00571nam a22001697a 450000500170000001000150001702000260003203500130005803700130007108200100008410000250009424500980011926000550021727000770027230000310034970000210038020130617151327.0 aENG-107416 a9789380831695c199.00 aEN-90949 bDBAD/PUB a158.3 aReddy, S. Viswanatha aCounselling psychology :cby S. Viswanatha Reddy [and] B. Sudhakar Raobtheory and practice / aHyderabadbStudentshelpline Publishing Housec2012 a326/C Surneni Nilayam, Near B K Guda Park, S.R. NagarbHyderabade500038 avarious pagingsc24cm(pbk) aRao, B. Sudhakar